Pommes empoisonnées - mort subite - Statistiques

Statistiques générales
  • Ce quiz a été pris 218 fois
  • Le résultat moyen est 16 sur 25
Answers on the Grid
Answers color-coded by a green-red scale on the quiz's grid according to % correct below.
🍅
🍅
🍅
🍅
🍅
🍒
🍒
🍒
🍒
🍒
🍓
🍓
🍓
🍓
🍓
🍉
🍉
🍉
🍉
🍉
🍑
🍑
🍑
🍑
🍑
🍎
🍎
🍎
🍎
🍎
 
Statistiques - réponses
Réponse % Correct
🍒
73%
🍒
72%
🍓
72%
🍓
71%
🍑
71%
🍑
71%
🍓
70%
🍒
69%
🍓
69%
🍑
69%
🍒
68%
🍉
68%
🍉
68%
🍉
68%
🍒
66%
🍉
66%
🍑
66%
🍉
65%
🍓
64%
🍑
63%
🍅
58%
🍅
53%
🍅
50%
🍅
50%
🍅
49%
Aucun quiz correspondant
Distribution des résultats
% des personnes avec chaque résultat
Percentile par nombre de réponses
Votre historique - résultats
Vous n’avez pas pris ce quiz